[Event "CAN-ch U10 Girls"]
[Site "Quebec"]
[Date "2008.07.16"]
[Round "6"]
[White "Lingyun, Shi"]
[Black "Leveille, Maryse"]
[Result "1-0"]
[WhiteElo "1164"]
[BlackElo "1121"]
[PlyCount "76"]
[EventDate "2008.07.14"]
[EventType "swiss"]
[EventRounds "7"]
[EventCountry "CAN"]
[SourceTitle "EXT 2011"]
[Source "ChessBase"]
[SourceDate "2010.11.26"]
[SourceVersion "1"]
[SourceVersionDate "2010.11.26"]
[SourceQuality "1"]

1. d4 d5 2. c4 dxc4 3. Nc3 Nc6 4. Nf3 Nf6 5. e4 Bd7 6. Bxc4 e6 7. Bf4 Bd6 8. e5 Be7 9. exf6 Bxf6 10. Nb5 0-0 11. 0-0 a6 12. Nc3 Re8 13. Re1 Re7 14. Rc1 Qe8 15. Bxc7 Rc8 16. Bd6 h6 17. Bxe7 Nxe7 18. Bb3 Bg5 19. Nxg5 hxg5 20. Qd2 g4 21. d5 exd5 22. Nxd5 Kf8 23. Nxe7 Rxc1 24. Qxc1 Be6 25. Bxe6 fxe6 26. Rxe6 Qd7 27. Qc8+ Qxc8 28. Nxc8 Kf7 29. Rb6 g3 30. Rxb7+ Ke8 31. Rxg7 Kd8 32. Rg8+ Kc7 33. hxg3 Kb7 34. g4 a5 35. g5 a4 36. g6 a3 37. bxa3 Kc7 38. g7 Kd7 1-0

[Event "CAN-ch U10 Girls"]
[Site "Ottawa"]
[Date "2007.07.05"]
[Round "5"]
[White "Dumais, Alexe"]
[Black "Leveille, Maryse"]
[Result "0-1"]
[WhiteElo "769"]
[BlackElo "1011"]
[PlyCount "148"]
[EventDate "2007.07.03"]
[EventType "swiss"]
[EventRounds "6"]
[EventCountry "CAN"]
[SourceTitle "EXT 2022"]
[Source "ChessBase"]
[SourceDate "2021.10.06"]
[SourceVersion "1"]
[SourceVersionDate "2021.10.06"]
[SourceQuality "1"]

1. d4 d5 2. Nf3 Nc6 3. Nc3 Nf6 4. Bf4 Bf5 5. e3 e6 6. Bd3 Be7 7. 0-0 0-0 8. Bxf5 exf5 9. b4 Nxb4 10. Rb1 Nc6 11. e4 dxe4 12. Nd2 Qxd4 13. Ne2 Qd7 14. Nc4 Qxd1 15. Rfxd1 Bb4 16. Bd2 Bxd2 17. Rxd2 Rfd8 18. Nd4 Nxd4 19. c3 Nc6 20. Rxd8+ Rxd8 21. Rc1 b6 22. Kf1 Na5 23. Nxa5 bxa5 24. Ke1 Ng4 25. h3 Nh2 26. Rd1 Rxd1+ 27. Kxd1 Nf1 28. Ke1 Nh2 29. Ke2 f4 30. Kd2 f3 31. Ke3 fxg2 32. Ke2 g1Q 33. Ke3 Qe1+ 34. Kf4 Qc1+ 35. Kxe4 Qxc3 36. h4 Qf3+ 37. Ke5 f6+ 38. Ke6 Qe2+ 39. Kf5 Qc2+ 40. Kf4 Qxf2+ 41. Ke4 Qf3+ 42. Kd4 c5+ 43. Kxc5 Qf5+ 44. Kc6 Nf3 45. h5 Nd4+ 46. Kd6 Qe6+ 47. Kc5 Qe5+ 48. Kc4 Qb5+ 49. Kxd4 Qxh5 50. a4 Qh4+ 51. Kd5 Qxa4 52. Kc5 Qh4 53. Kd6 f5 54. Ke5 Qe1+ 55. Kxf5 g5 56. Kxg5 h5 57. Kxh5 Kf7 58. Kg4 Qf2 59. Kh5 Qf3+ 60. Kh4 Qf4+ 61. Kh5 Qe4 62. Kg5 Qg6+ 63. Kh4 Kf6 64. Kh3 Qh5+ 65. Kg3 a4 66. Kg2 a3 67. Kf1 a2 68. Ke1 a1R+ 69. Kf2 Qc5+ 70. Kg3 Ra4 71. Kf3 Rb4 72. Kg3 Qc3+ 73. Kg2 Rb2+ 74. Kg1 Qc1# 0-1

[Event "CAN-ch U10 Girls"]
[Site "Ottawa"]
[Date "2007.07.05"]
[Round "6"]
[White "Leveille, Maryse"]
[Black "Mehdiyeva, Masha"]
[Result "0-1"]
[WhiteElo "1011"]
[BlackElo "1083"]
[PlyCount "84"]
[EventDate "2007.07.03"]
[EventType "swiss"]
[EventRounds "6"]
[EventCountry "CAN"]
[SourceTitle "EXT 2022"]
[Source "ChessBase"]
[SourceDate "2021.10.06"]
[SourceVersion "1"]
[SourceVersionDate "2021.10.06"]
[SourceQuality "1"]

1. e4 c5 2. Nf3 d6 3. d4 cxd4 4. Nxd4 Nf6 5. Nc3 g6 6. Be3 Bg7 7. Bd3 0-0 8. 0-0 Nc6 9. Nxc6 bxc6 10. Qf3 Rb8 11. Bxa7 Rxb2 12. Rab1 Rb7 13. Rxb7 Bxb7 14. Rb1 Qa8 15. Be3 c5 16. h3 Nd7 17. Qg4 Nb8 18. Nd5 Bxd5 19. exd5 Qxa2 20. Rd1 Qxd5 21. Be4 Qe6 22. Qxe6 fxe6 23. Bg5 Rf7 24. Rb1 Na6 25. Ra1 Bxa1 26. Bb7 Bf6 27. h4 Bxg5 28. hxg5 Nb4 29. c3 Nc2 30. Bc6 d5 31. Be8 Rf5 32. g4 Re5 33. f4 Re3 34. Ba4 Rxc3 35. Bd7 d4 36. Bxe6+ Kf8 37. f5 d3 38. f6 d2 39. Kg2 d1Q 40. f7 Qe2+ 41. Kg1 Rg3+ 42. Kh1 Qg2# 0-1